Boeigns and bullock-carts: studies in change and continuity in India civilisation (Record no. 354695)

000 -LEADER
fixed length control field 00402cam a22001217a 4500
008 - FIXED-LENGTH DATA ELEMENTS--GENERAL INFORMATION
fixed length control field 180718b1990 xxu||||| |||| 00| 0 eng d
082 ## - DEWEY DECIMAL CLASSIFICATION NUMBER
Classification number B19x54 Sm52
245 ## - TITLE STATEMENT
Title Boeigns and bullock-carts: studies in change and continuity in India civilisation
Statement of responsibility, etc. edited by Bardwell L. Smith
260 ## - PUBLICATION, DISTRIBUTION, ETC.
Place of publication, distribution, etc. Delhi
Name of publisher, distributor, etc. Chankya
Date of publication, distribution, etc. 1990
300 ## - PHYSICAL DESCRIPTION
Extent 5 vols.
650 ## - SUBJECT ADDED ENTRY--TOPICAL TERM
Topical term or geographic name entry element India - Social conditions
700 ## - ADDED ENTRY--PERSONAL NAME
Personal name Smith, Bardwell L.
Holdings
Withdrawn status Lost status Damaged status Not for loan Permanent Location Current Location Date acquired Full call number Barcode Date last seen Price effective from Koha item type
        Indian Institute of Public Administration Indian Institute of Public Administration 1993-12-13 B19x54 Sm52 65581 2018-07-21 2018-07-21 Book

Powered by Koha